[Event "BL 1213 SC Forchheim - Hamburger SK"]
[Site "?"]
[Date "2013.02.23"]
[Round "9.8"]
[White "Burggraf, Michael"]
[Black "Berger, Steve"]
[Result "0-1"]
[WhiteElo "2154"]
[BlackElo "2400"]
[PlyCount "84"]
[EventDate "2013.??.??"]

1. e4 e6 2. Nc3 d5 3. g3 c5 4. Bg2 d4 5. Nce2 d3 6. cxd3 Qxd3 7. Nf4 Qd7 8. Nf3
Nc6 9. O-O g6 10. Qc2 b6 11. Qc3 Nd4 12. Nxd4 cxd4 13. Qb3 Bg7 14. d3 Ne7 15.
Bd2 O-O 16. Rac1 Rd8 17. Rc2 e5 18. Bh3 Qe8 19. Bxc8 Raxc8 20. Rxc8 Rxc8 21.
Ne2 Qd7 22. Kg2 Nc6 23. Rc1 Nd8 24. Rxc8 Qxc8 25. Qa4 Ne6 26. b4 b5 27. Qb3 h5
28. h3 Kh7 29. Qd1 Bh6 30. Bxh6 Kxh6 31. Qc1+ Qxc1 32. Nxc1 f5 33. f3 h4 34.
Ne2 Kh5 35. Kf2 fxe4 36. fxe4 hxg3+ 37. Kxg3 g5 38. Kf3 Kh4 39. Ng3 Nf4 40.
Nf5+ Kxh3 41. Nh6 Nxd3 42. a3 g4+ 0-1

[Event "BL 1213 Schachfr. Berlin - SK Norderste"]
[Site "?"]
[Date "2013.02.23"]
[Round "9.1"]
[White "Olszewski, Michal"]
[Black "Melkumyan, Hrant"]
[Result "1-0"]
[WhiteElo "2532"]
[BlackElo "2649"]
[PlyCount "81"]
[EventDate "2013.??.??"]

1. e4 e5 2. Nf3 Nc6 3. Bb5 a6 4. Ba4 Nf6 5. Qe2 Bd6 6. c3 O-O 7. d3 Re8 8. Nbd2
Bf8 9. Nf1 h6 10. g4 b5 11. Bb3 Na5 12. Bc2 d5 13. g5 hxg5 14. Bxg5 Qd6 15. Rg1
b4 16. c4 dxc4 17. dxc4 Nc6 18. c5 Qe7 19. O-O-O b3 20. axb3 Nb4 21. Ne3 a5 22.
Nd5 Nfxd5 23. Bxe7 Nf4 24. Qe3 Rxe7 25. Rd8 Nc6 26. Rxf8+ Kxf8 27. Nxe5 Ne2+
28. Qxe2 Rxe5 29. Qe3 Bb7 30. f4 Rh5 31. Qg3 Rh7 32. Rd1 Nb4 33. f5 Rc8 34. Bb1
Bc6 35. e5 Re8 36. e6 Rh6 37. Rg1 g6 38. Qxc7 Re7 39. Qd8+ Be8 40. exf7 Rxf7
41. fxg6 1-0

[Event "BL 1213 Schachfr. Berlin - SK Norderste"]
[Site "?"]
[Date "2013.02.23"]
[Round "9.2"]
[White "Antoniewski, Rafal"]
[Black "Kopylov, Mihail"]
[Result "1/2-1/2"]
[WhiteElo "2552"]
[BlackElo "2473"]
[PlyCount "40"]
[EventDate "2013.??.??"]

1. e4 e6 2. d4 d5 3. Nc3 dxe4 4. Nxe4 Nd7 5. Bd3 Ngf6 6. Qe2 c5 7. Nxf6+ Nxf6
8. dxc5 Bxc5 9. Nf3 O-O 10. O-O b6 11. Bg5 Bb7 12. Rad1 Qc7 13. Ne5 Rfd8 14. c3
Rd5 15. Bxf6 gxf6 16. Ng4 Kg7 17. Be4 Rxd1 18. Rxd1 Bxe4 19. Qxe4 Rd8 20. Rxd8
Qxd8 1/2-1/2

[Event "BL 1213 Schachfr. Berlin - SK Norderste"]
[Site "?"]
[Date "2013.02.23"]
[Round "9.3"]
[White "Feuerstack, Aljoscha"]
[Black "Maksimenko, Andrei"]
[Result "1/2-1/2"]
[WhiteElo "2421"]
[BlackElo "2547"]
[PlyCount "50"]
[EventDate "2013.??.??"]

1. e4 c5 2. c3 Nf6 3. e5 Nd5 4. Nf3 Nc6 5. Bc4 Nb6 6. Bb3 d5 7. exd6 Qxd6 8.
O-O c4 9. Bc2 Bg4 10. Re1 Ne5 11. Rxe5 Bxf3 12. Qe1 Bd5 13. b3 e6 14. Na3 Be7
15. bxc4 Nxc4 16. Ba4+ Kf8 17. Nxc4 Bxc4 18. d4 f6 19. Rc5 Bd5 20. c4 b6 21.
cxd5 bxc5 22. Bc6 Rc8 23. dxc5 Qe5 24. Qxe5 fxe5 25. Be3 Kf7 1/2-1/2

[Event "BL 1213 Schachfr. Berlin - SK Norderste"]
[Site "?"]
[Date "2013.02.23"]
[Round "9.4"]
[White "Schneider, Ilja"]
[Black "Petrosian, Suren"]
[Result "1-0"]
[WhiteElo "2489"]
[BlackElo "2384"]
[PlyCount "71"]
[EventDate "2013.??.??"]

1. d4 g6 2. e4 Bg7 3. Nf3 d6 4. Nc3 Nf6 5. Be2 O-O 6. O-O Nc6 7. Be3 e5 8. dxe5
dxe5 9. Qxd8 Rxd8 10. Rad1 Bg4 11. Rxd8+ Rxd8 12. Rd1 Rxd1+ 13. Bxd1 Nd4 14.
Nxd4 exd4 15. Bxd4 Bxd1 16. Nxd1 Nxe4 17. Bxa7 b6 18. a4 Kf8 19. b4 Nc3 20. a5
Nxd1 21. Bxb6 cxb6 22. a6 b5 23. a7 Nc3 24. a8=Q+ Ke7 25. Qg8 Bf6 26. Qxh7 Nd5
27. Qh3 Nc3 28. Qd3 Kf8 29. Kf1 Kg7 30. Ke1 Kg8 31. Kd2 Nb1+ 32. Kc1 Nc3 33.
Kb2 Ne2+ 34. c3 Nxc3 35. Qxc3 Kg7 36. Kb3 1-0

[Event "BL 1213 Schachfr. Berlin - SK Norderste"]
[Site "?"]
[Date "2013.02.23"]
[Round "9.5"]
[White "Meyer, Falko"]
[Black "Lauber, Arnd"]
[Result "1/2-1/2"]
[WhiteElo "2259"]
[BlackElo "2465"]
[PlyCount "60"]
[EventDate "2013.??.??"]

1. c4 e6 2. g3 Nf6 3. Bg2 d5 4. Nf3 dxc4 5. Qc2 c6 6. Ne5 Qc7 7. Nxc4 b5 8. Ne3
Bb7 9. O-O Be7 10. a4 a6 11. axb5 axb5 12. Rxa8 Bxa8 13. Nc3 Qb6 14. b3 O-O 15.
Bb2 Bb7 16. Rc1 Na6 17. d4 Nb4 18. Qb1 c5 19. dxc5 Bxc5 20. Ncd1 Bxg2 21. Kxg2
Qb7+ 22. f3 Be7 23. Nc2 Nc6 24. Nf2 h6 25. Ne3 Nb4 26. Be5 Qb6 27. Nc2 Nc6 28.
Ba1 Ra8 29. Rd1 Qa7 30. Nd4 Nxd4 1/2-1/2

[Event "BL 1213 Schachfr. Berlin - SK Norderste"]
[Site "?"]
[Date "2013.02.23"]
[Round "9.6"]
[White "Abel, Dennes"]
[Black "Michna, Marta"]
[Result "0-1"]
[WhiteElo "2437"]
[BlackElo "2383"]
[PlyCount "128"]
[EventDate "2013.??.??"]

1. c4 e6 2. g3 c5 3. Bg2 Nc6 4. Nf3 Nf6 5. O-O Be7 6. b3 O-O 7. Bb2 d5 8. e3
Rb8 9. Qe2 b6 10. d3 Bb7 11. Nbd2 Nd7 12. a3 Bf6 13. Bxf6 Nxf6 14. Rfd1 Qe7 15.
Rab1 Rfd8 16. Ne1 Rd7 17. Nc2 Rbd8 18. Nf3 h6 19. h3 dxc4 20. bxc4 e5 21. Nh4
g6 22. e4 Nd4 23. Nxd4 Rxd4 24. Bf1 Qd6 25. Nf3 Nxe4 26. Rbc1 Ng5 27. Nxd4 exd4
28. f4 Bf3 29. Qf2 Bxd1 30. fxg5 Ba4 31. gxh6 Rf8 32. g4 Kh7 33. Bg2 Kxh6 34.
Rf1 Kg7 35. Qf3 Qe7 36. Kh1 f5 37. Qg3 Qe3 38. Rf3 Qc1+ 39. Rf1 Qe3 40. Rf3 Qg5
41. Rf4 Bd7 42. Qf2 Qe7 43. gxf5 Rxf5 44. Be4 Rxf4 45. Qxf4 Bxh3 46. Qg3 Qe6
47. Qc7+ Qf7 48. Qd6 Bg4 49. Kg2 Qf6 50. Qc7+ Kh6 51. Qh2+ Bh5 52. Qb8 Qg5+ 53.
Kf2 Qf6+ 54. Kg2 Qe7 55. Kg3 Kg7 56. Qf4 Bd1 57. Kg2 Ba4 58. Kg3 Be8 59. Qb8
Bf7 60. Qf4 Bg8 61. Kg2 Bh7 62. Qb8 g5 63. Kf3 Bxe4+ 64. dxe4 Qf8+ 0-1

[Event "BL 1213 Schachfr. Berlin - SK Norderste"]
[Site "?"]
[Date "2013.02.23"]
[Round "9.7"]
[White "Jochens, Arne"]
[Black "Thiede, Lars"]
[Result "1-0"]
[WhiteElo "2298"]
[BlackElo "2441"]
[PlyCount "90"]
[EventDate "2013.??.??"]

1. c4 g6 2. Nc3 Bg7 3. g3 Nf6 4. Bg2 O-O 5. e4 c5 6. Nge2 Nc6 7. d3 a6 8. O-O
Rb8 9. a4 d6 10. h3 Ne8 11. Be3 Nd4 12. Rb1 Nc7 13. b4 Nce6 14. f4 Bd7 15. f5
Nc7 16. bxc5 dxc5 17. fxg6 hxg6 18. a5 Nce6 19. Rb6 Nxe2+ 20. Nxe2 Bc6 21. Qd2
Be5 22. Nf4 Nd4 23. h4 e6 24. h5 g5 25. Ne2 f6 26. Bh3 Re8 27. Bxd4 cxd4 28.
Rbb1 Kg7 29. Bg4 Qd6 30. Rf3 Rh8 31. Rbf1 Be8 32. Nf4 gxf4 33. gxf4 Bxh5 34.
Rg3 Bxg4 35. Rxg4+ Kf7 36. fxe5 Qxe5 37. Qf4 Rbg8 38. Rxg8 Rxg8+ 39. Kh1 Qh5+
40. Qh2 Rh8 41. Qxh5+ Rxh5+ 42. Kg2 Rxa5 43. Rb1 b5 44. cxb5 Rxb5 45. Ra1 Rb3
1-0

[Event "BL 1213 Schachfr. Berlin - SK Norderste"]
[Site "?"]
[Date "2013.02.23"]
[Round "9.8"]
[White "Agopov, Mikael"]
[Black "Michna, Christian"]
[Result "1-0"]
[WhiteElo "2427"]
[BlackElo "2279"]
[PlyCount "93"]
[EventDate "2013.??.??"]

1. e4 e6 2. d4 d5 3. Nc3 Be7 4. Bd3 Nc6 5. Nf3 Nb4 6. Bb5+ c6 7. Be2 dxe4 8.
Nxe4 Nf6 9. Nxf6+ Bxf6 10. a3 Na6 11. O-O b6 12. Ne5 Bb7 13. Bf3 Bxe5 14. dxe5
Qc7 15. Re1 Rd8 16. Qe2 h6 17. Qe4 Kd7 18. a4 Kc8 19. a5 b5 20. Qe2 Kb8 21. h4
Qe7 22. h5 g6 23. c4 b4 24. Be3 gxh5 25. Red1 h4 26. c5 Rd5 27. Bxd5 exd5 28.
Qh5 Rg8 29. Rd4 Nxc5 30. Rxb4 d4 31. Bxd4 Ne6 32. Bc3 c5 33. Rg4 Rg5 34. Qxh4
Bxg2 35. Rxg5 Nxg5 36. Qxh6 Bd5 37. Qd6+ Qxd6 38. exd6 Kc8 39. b4 Ne4 40. Be1
c4 41. f3 Ng5 42. b5 Nxf3+ 43. Kf2 Ne5 44. Ke3 Be6 45. Kd4 Nd7 46. a6 Kb8 47.
Ba5 1-0

[Event "BL 1213 SV Mülheim Nord - Turm Emsdette"]
[Site "?"]
[Date "2013.02.24"]
[Round "10.1"]
[White "Mchedlishvili, Mikheil"]
[Black "Fridman, Daniel"]
[Result "1/2-1/2"]
[WhiteElo "2651"]
[BlackElo "2670"]
[PlyCount "40"]
[EventDate "2013.??.??"]

1. d4 d5 2. c4 e6 3. Nf3 Nf6 4. g3 dxc4 5. Bg2 Nc6 6. O-O Rb8 7. Nc3 b5 8. Ne5
Nxe5 9. dxe5 Nd7 10. Qc2 Bb7 11. Bxb7 Rxb7 12. Rd1 Qc8 13. Ne4 Nxe5 14. b3 f5
15. Bb2 Ng4 16. h3 fxe4 17. hxg4 e3 18. f3 Kf7 19. bxc4 bxc4 20. Bd4 Bd6
1/2-1/2

[Event "BL 1213 SV Mülheim Nord - Turm Emsdette"]
[Site "?"]
[Date "2013.02.24"]
[Round "10.2"]
[White "Landa, Konstantin"]
[Black "Swiercz, Dariusz"]
[Result "1/2-1/2"]
[WhiteElo "2641"]
[BlackElo "2609"]
[PlyCount "96"]
[EventDate "2013.??.??"]

1. d4 Nf6 2. c4 e6 3. Nf3 d5 4. Nc3 Bb4 5. Qb3 c5 6. dxc5 Nc6 7. Bg5 Qa5 8.
Bxf6 dxc4 9. Qxc4 gxf6 10. Rc1 Qxc5 11. Qh4 Qf5 12. e4 Qg6 13. Bb5 Bd7 14. O-O
O-O 15. Rfd1 Rad8 16. Bxc6 Bxc6 17. Rxd8 Rxd8 18. Ne5 Qg5 19. Qxg5+ fxg5 20.
Nxc6 bxc6 21. Rd1 Rxd1+ 22. Nxd1 Bc5 23. b3 Bd4 24. Kf1 Kg7 25. Ke2 Kf6 26. Ne3
Ke5 27. Nc4+ Kxe4 28. Nd6+ Kd5 29. Nxf7 Bf6 30. Kd3 h5 31. f3 Be7 32. h3 a5 33.
g3 Bf6 34. f4 gxf4 35. gxf4 e5 36. Nxe5 Bxe5 37. fxe5 Kxe5 38. Kc4 h4 39. a4
Kd6 40. b4 axb4 41. Kxb4 Kc7 42. Kc5 Kb7 43. a5 Ka6 44. Kxc6 Kxa5 45. Kc5 Ka6
46. Kc6 Ka5 47. Kc5 Ka6 48. Kc6 Ka5 1/2-1/2

[Event "BL 1213 SV Mülheim Nord - Turm Emsdette"]
[Site "?"]
[Date "2013.02.24"]
[Round "10.3"]
[White "Spoelman, Wouter"]
[Black "Tregubov, Pavel V"]
[Result "1-0"]
[WhiteElo "2541"]
[BlackElo "2601"]
[PlyCount "121"]
[EventDate "2013.??.??"]

1. d4 d5 2. c4 e6 3. Nc3 Be7 4. cxd5 exd5 5. Bf4 c6 6. e3 Bf5 7. Nge2 Nd7 8.
Ng3 Bg6 9. Be2 Qb6 10. Qd2 Ngf6 11. h4 h5 12. a3 a5 13. Rc1 Qa7 14. Bf3 Nb6 15.
Bg5 Nc4 16. Qe2 Qb6 17. Bxf6 gxf6 18. Nd1 Nxb2 19. Nxb2 Bxa3 20. Na4 Qb3 21.
Qd1 Qb4+ 22. Nc3 Bxc1 23. Qxc1 a4 24. O-O a3 25. e4 a2 26. Nxa2 Rxa2 27. Qf4
O-O 28. Qxf6 Re8 29. exd5 cxd5 30. Nf5 Qf8 31. Qg5 Kh7 32. Bxh5 Ra6 33. Bf3 Qh8
34. h5 Bxf5 35. Qxf5+ Kg8 36. Bxd5 Rf6 37. Qd7 Rf8 38. Bf3 b6 39. Re1 Qh6 40.
d5 Rd6 41. Qc7 Qf6 42. g3 Rfd8 43. Kg2 Rxd5 44. Bxd5 Rxd5 45. g4 Rd3 46. Re8+
Kh7 47. Qb7 Rd4 48. Qf3 Rf4 49. Qd3+ Kg7 50. Kg3 Rd4 51. Qe3 Rd5 52. Qf4 Qxf4+
53. Kxf4 b5 54. Re5 Rd2 55. f3 b4 56. Rb5 Rb2 57. Kf5 b3 58. f4 Kg8 59. Rb7 Rb1
60. g5 b2 61. Kf6 1-0

[Event "BL 1213 SV Mülheim Nord - Turm Emsdette"]
[Site "?"]
[Date "2013.02.24"]
[Round "10.4"]
[White "Berelowitsch, Alexander"]
[Black "Pruijssers, Roeland"]
[Result "1/2-1/2"]
[WhiteElo "2565"]
[BlackElo "2519"]
[PlyCount "94"]
[EventDate "2013.??.??"]

1. e4 e5 2. Nf3 Nc6 3. Bb5 f5 4. Nc3 fxe4 5. Nxe4 Nf6 6. Nxf6+ Qxf6 7. Qe2 Be7
8. Bxc6 bxc6 9. Nxe5 Qe6 10. d4 O-O 11. Nd3 Qf7 12. O-O Bf6 13. Be3 Ba6 14. Qd2
Rab8 15. Rab1 Qg6 16. Qa5 Bxd3 17. cxd3 Rfc8 18. Rfd1 Qf7 19. b3 Qd5 20. Qxd5+
cxd5 21. Rbc1 c6 22. Bf4 Rb4 23. Bd6 Rxd4 24. h3 Rh4 25. Kh2 Bg5 26. Rc2 Rh6
27. Bc5 a6 28. Re1 Re6 29. Rxe6 dxe6 30. Bd6 Bf6 31. f4 g5 32. Kg3 Kf7 33. fxg5
Bxg5 34. Rf2+ Kg6 35. h4 Bf6 36. Kh3 Rd8 37. Bc5 e5 38. Be3 Rd6 39. g4 h5 40.
Bc5 Re6 41. Rf1 e4 42. gxh5+ Kxh5 43. dxe4 dxe4 44. Rf5+ Kg6 45. Rf2 Kh5 46.
Rf5+ Kg6 47. Rf2 Kh5 1/2-1/2

[Event "BL 1213 SV Mülheim Nord - Turm Emsdette"]
[Site "?"]
[Date "2013.02.24"]
[Round "10.6"]
[White "Feygin, Michael"]
[Black "Janssen, Ruud"]
[Result "1-0"]
[WhiteElo "2538"]
[BlackElo "2483"]
[PlyCount "119"]
[EventDate "2013.??.??"]

1. e4 e5 2. Nf3 Nc6 3. Bb5 a6 4. Bxc6 dxc6 5. O-O Be7 6. Nxe5 Qd4 7. Nf3 Qxe4
8. Nc3 Qg6 9. Ne5 Qf5 10. Re1 Nf6 11. d3 Ng4 12. Nf3 Be6 13. h3 h5 14. Ne4
O-O-O 15. Ng3 Qh7 16. hxg4 hxg4 17. Ng5 Bxg5 18. Bxg5 Rde8 19. Kf1 f6 20. Be3
g5 21. b3 Rhg8 22. Qd2 Bd5 23. Ke2 Bxg2 24. Kd1 Kb8 25. Rb1 Qg6 26. Qa5 Re5 27.
Qb4 Bf3+ 28. Kd2 a5 29. Qc3 Rge8 30. Bd4 Rxe1 31. Rxe1 Rxe1 32. Kxe1 f5 33.
Qxa5 f4 34. Nf5 b6 35. Qe5 Kb7 36. Kd2 c5 37. Qf6 Qh7 38. Be5 Qh2 39. Qe7 Qxf2+
40. Kc3 Ka6 41. Bxc7 Bd1 42. Kc4 Bf3 43. Kc3 Bd1 44. Kc4 Qxc2+ 45. Kd5 Qxd3+
46. Ke6 g3 47. Qxg5 Qe4+ 48. Be5 g2 49. Nd6 Qf3 50. Qd8 Qc6 51. Qg5 Qf3 52. Qd8
Qc6 53. Qg5 Bf3 54. Kf6 Qd7 55. Qg8 Ka7 56. a4 Bg4 57. Nb5+ Kb7 58. Qb8+ Kc6
59. Qa8+ Qb7 60. Na7+ 1-0

[Event "BL 1213 SV Mülheim Nord - Turm Emsdette"]
[Site "?"]
[Date "2013.02.24"]
[Round "10.7"]
[White "Burg, Twan"]
[Black "Levin, Felix"]
[Result "1/2-1/2"]
[WhiteElo "2502"]
[BlackElo "2508"]
[PlyCount "42"]
[EventDate "2013.??.??"]

1. e4 e5 2. Nf3 Nc6 3. d4 exd4 4. Nxd4 Nf6 5. Nc3 Bb4 6. Nxc6 bxc6 7. Bd3 d5 8.
exd5 cxd5 9. O-O O-O 10. h3 c6 11. Qf3 Bd6 12. Re1 Rb8 13. b3 h6 14. Bf4 Rb4
15. Bxd6 Qxd6 16. Ne2 c5 17. c3 Rb8 18. Qf4 Rd8 19. Bc2 Bb7 20. Rad1 Qxf4 21.
Nxf4 Kf8 1/2-1/2

[Event "BL 1213 SF Katernberg - Werder Bremen"]
[Site "?"]
[Date "2013.02.24"]
[Round "10.2"]
[White "Romanov, Evgeny"]
[Black "Efimenko, Zahar"]
[Result "1-0"]
[WhiteElo "2611"]
[BlackElo "2689"]
[PlyCount "77"]
[EventDate "2013.??.??"]

1. c4 Nf6 2. Nc3 e5 3. Nf3 Nc6 4. g3 Bb4 5. Bg2 O-O 6. Nd5 Bc5 7. O-O d6 8. e3
a6 9. Nh4 Ba7 10. b3 Nxd5 11. cxd5 Ne7 12. Bb2 f5 13. f4 e4 14. g4 fxg4 15.
Bxe4 Qe8 16. f5 Qh5 17. f6 Qxh4 18. fxe7 Rxf1+ 19. Qxf1 Qxe7 20. Qd3 Bd7 21.
Bxh7+ Kh8 22. Rf1 Bb5 23. Qg6 Rf8 24. Rxf8+ Qxf8 25. Qf5 Qxf5 26. Bxf5 Be2 27.
Bc8 Kh7 28. Bxb7 a5 29. Bc3 Bb6 30. Kf2 Bf3 31. b4 a4 32. a3 g5 33. Bc6 Bd1 34.
Be8 Kh6 35. Kg3 Ba7 36. Bf6 Bb6 37. Bd8 Bf3 38. Bxa4 Bxd5 39. Bd7 1-0

[Event "BL 1213 SF Katernberg - Werder Bremen"]
[Site "?"]
[Date "2013.02.24"]
[Round "10.3"]
[White "Fressinet, Laurent"]
[Black "Firman, Nazar"]
[Result "1-0"]
[WhiteElo "2702"]
[BlackElo "2531"]
[PlyCount "143"]
[EventDate "2013.??.??"]

1. d4 d6 2. e4 Nf6 3. Nc3 g6 4. Be3 Bg7 5. Qd2 O-O 6. Nf3 a6 7. Bh6 b5 8. Bd3
Bb7 9. h4 Bxh6 10. Qxh6 e5 11. dxe5 dxe5 12. Ng5 Qe7 13. h5 Nbd7 14. O-O-O Rfd8
15. Kb1 Qf8 16. Qxf8+ Kxf8 17. h6 Ke7 18. f3 Nf8 19. a4 c6 20. g3 Bc8 21. f4
Ne6 22. Rhf1 Nxg5 23. fxg5 Ne8 24. Na2 Bg4 25. Rd2 Be6 26. Nb4 Rd6 27. Rdf2 a5
28. Na2 b4 29. Nc1 Rad8 30. b3 Rd4 31. Bc4 Rxc4 32. bxc4 Bxc4 33. Re1 Nc7 34.
c3 b3 35. Kb2 Ne6 36. Ka3 Nc5 37. Rg2 Nd3 38. Nxd3 Rxd3 39. Kb2 Be6 40. Ree2
Bc4 41. Re1 Rf3 42. Rd1 Re3 43. Rgd2 Be6 44. c4 Rxe4 45. Kxb3 Rg4 46. Rd8 Rxg5
47. Ra8 Rxg3+ 48. Kb2 Rg2+ 49. Kb3 Rg3+ 50. Kb2 Bxc4 51. Rxa5 Bd5 52. Ra7+ Ke6
53. Rf1 Kd6 54. Ra1 Rb3+ 55. Kc2 Rb8 56. a5 g5 57. Rg1 f6 58. a6 Kc5 59. Rd7
Ra8 60. a7 Be4+ 61. Kc3 Kb6 62. Rg4 f5 63. Rxg5 f4 64. Rxe5 Bg6 65. Re2 f3 66.
Rf2 Bf5 67. Re7 Bg6 68. Rxf3 Rxa7 69. Rxa7 Kxa7 70. Rf6 Bb1 71. Rxc6 Kb7 72.
Rc4 1-0

[Event "BL 1213 SF Katernberg - Werder Bremen"]
[Site "?"]
[Date "2013.02.24"]
[Round "10.4"]
[White "Bischoff, Klaus"]
[Black "Nyback, Tomi"]
[Result "1/2-1/2"]
[WhiteElo "2519"]
[BlackElo "2598"]
[PlyCount "62"]
[EventDate "2013.??.??"]

1. c4 Nf6 2. Nc3 e5 3. Nf3 Nc6 4. d3 d5 5. cxd5 Nxd5 6. e3 Be7 7. a3 O-O 8. Bd2
a5 9. Be2 Nb6 10. b3 Bd6 11. O-O Qe7 12. Bc1 Be6 13. Nd2 Nd5 14. Qc2 Nxc3 15.
Qxc3 Bd5 16. Bb2 f5 17. Qc2 Kh8 18. Bf3 Bxf3 19. Nxf3 Rf6 20. Nd2 Rh6 21. Nc4
f4 22. exf4 exf4 23. Nxd6 Qxd6 24. Qc3 Rg6 25. Rfe1 Qd5 26. Re4 Rf8 27. Rae1 h6
28. Qc4 Qf5 29. Re8 Rxg2+ 30. Kxg2 Qg4+ 31. Kh1 Qf3+ 1/2-1/2

[Event "BL 1213 SF Katernberg - Werder Bremen"]
[Site "?"]
[Date "2013.02.24"]
[Round "10.5"]
[White "Rapport, Richard"]
[Black "Zaragatski, Ilja"]
[Result "1-0"]
[WhiteElo "2621"]
[BlackElo "2460"]
[PlyCount "137"]
[EventDate "2013.??.??"]

1. c4 e5 2. Nc3 Nf6 3. Nf3 Nc6 4. e3 Bb4 5. Qc2 Bxc3 6. bxc3 O-O 7. e4 d6 8.
Be2 Nh5 9. d4 Nf4 10. Bxf4 exf4 11. h4 Re8 12. Bd3 Bg4 13. Ng1 f5 14. Kf1 fxe4
15. Bxe4 h6 16. Nf3 Bxf3 17. gxf3 Kh8 18. Qd2 Ne7 19. Bc2 Ng8 20. Kg2 Qd7 21.
Rab1 c6 22. Qxf4 Re2 23. Bd3 Rxa2 24. Rhe1 Nf6 25. Bf5 Qf7 26. Qxd6 Nh5 27. Bg4
Nf4+ 28. Kg1 Ne2+ 29. Kh1 h5 30. Qe6 Qxe6 31. Bxe6 b6 32. c5 Rd2 33. d5 Nxc3
34. Re5 g6 35. Ra1 Nxd5 36. cxb6 Nxb6 37. Rg5 Rd6 38. Rxg6 Re8 39. Bf7 Rxg6 40.
Bxg6 Re6 41. Be4 Nc4 42. Rc1 Ne5 43. Kg2 Kg7 44. Kg3 Kf6 45. Rc5 Re8 46. f4
Rg8+ 47. Kh3 Ng4 48. Rxc6+ Ke7 49. Rc7+ Kd6 50. Rc2 Rb8 51. Kg3 Rb4 52. Bf3 Rb3
53. Kg2 Ra3 54. Rc6+ Ke7 55. Bd5 Ra5 56. Bc4 Ra4 57. Kg3 Ra3+ 58. f3 Rc3 59.
Re6+ Kf8 60. Bb5 Kf7 61. f5 Ne3 62. Be8+ Kf8 63. Bg6 Kg7 64. Rd6 Rc4 65. Rd7+
Kf6 66. Rf7+ Ke5 67. Re7+ Kd4 68. Re4+ Kd3 69. f6 1-0

[Event "BL 1213 SF Katernberg - Werder Bremen"]
[Site "?"]
[Date "2013.02.24"]
[Round "10.6"]
[White "Kotainy, Jens"]
[Black "Fish, Gennadij"]
[Result "1-0"]
[WhiteElo "2413"]
[BlackElo "2475"]
[PlyCount "91"]
[EventDate "2013.??.??"]

1. e4 c5 2. c3 e6 3. d4 d5 4. exd5 exd5 5. Nf3 Nc6 6. Bb5 Bd6 7. dxc5 Bxc5 8.
O-O Nge7 9. Nbd2 Bg4 10. h3 Bh5 11. Bd3 h6 12. Nb3 Bd6 13. Be3 O-O 14. Re1 Ne5
15. Be2 Nc4 16. Bxc4 dxc4 17. Nbd2 Rc8 18. Ne4 Rc6 19. Bd4 Bb8 20. Ng3 Bxg3 21.
fxg3 Qc7 22. g4 Bg6 23. Be5 Qb6+ 24. Qd4 Qxd4+ 25. Nxd4 Ra6 26. Bxg7 Kxg7 27.
Rxe7 Rb6 28. b4 cxb3 29. axb3 a6 30. Rae1 Rc8 31. R1e3 Kf6 32. Rd7 Rc5 33. h4
h5 34. g5+ Kg7 35. Re6 Rcb5 36. b4 Rxe6 37. Nxe6+ Kg8 38. Nf4 a5 39. Nd5 axb4
40. Rd8+ Kg7 41. Nf6 Bh7 42. Nxh5+ Kg6 43. g4 f5 44. Rf8 Rb6 45. cxb4 fxg4 46.
Rf6+ 1-0

[Event "BL 1213 SF Katernberg - Werder Bremen"]
[Site "?"]
[Date "2013.02.24"]
[Round "10.7"]
[White "Bluebaum, Matthias"]
[Black "Thesing, Matthias"]
[Result "1-0"]
[WhiteElo "2433"]
[BlackElo "2399"]
[PlyCount "49"]
[EventDate "2013.??.??"]

1. d4 d5 2. c4 dxc4 3. e4 c5 4. d5 Nf6 5. Nc3 b5 6. Bf4 Qa5 7. Bd2 e5 8. dxe6
Bxe6 9. e5 Nfd7 10. Qf3 Nb6 11. a4 b4 12. Nb5 Na6 13. Bxc4 Bxc4 14. Qc6+ Ke7
15. Qd6+ Ke8 16. Qc6+ Ke7 17. Nf3 f6 18. exf6+ gxf6 19. Qb7+ Nd7 20. Qe4+ Be6
21. Qxa8 Bg7 22. Qe4 Qb6 23. O-O Nab8 24. Rfe1 Nf8 25. Bf4 1-0

[Event "BL 1213 SG Solingen - OSG Baden Baden"]
[Site "?"]
[Date "2013.02.24"]
[Round "10.1"]
[White "Svidler, Peter"]
[Black "Ragger, Markus"]
[Result "1/2-1/2"]
[WhiteElo "2747"]
[BlackElo "2655"]
[PlyCount "51"]
[EventDate "2013.??.??"]

1. e4 c6 2. d4 d5 3. e5 Bf5 4. Nd2 e6 5. Nb3 Nd7 6. Nf3 a6 7. Be2 c5 8. dxc5
Bxc5 9. Nxc5 Nxc5 10. Nd4 Ne7 11. Be3 Rc8 12. O-O Qc7 13. f4 Be4 14. a4 O-O 15.
c3 Nf5 16. Bf2 Qe7 17. Rc1 f6 18. exf6 Qxf6 19. Nf3 Nd6 20. g3 Qg6 21. Ne5 Qe8
22. b3 Nd7 23. Nf3 Nf6 24. Ne5 Nd7 25. Nf3 Nf6 26. Ne5 1/2-1/2

[Event "BL 1213 SG Solingen - OSG Baden Baden"]
[Site "?"]
[Date "2013.02.24"]
[Round "10.2"]
[White "Stellwagen, Daniel"]
[Black "Adams, Michael"]
[Result "1/2-1/2"]
[WhiteElo "2622"]
[BlackElo "2720"]
[PlyCount "54"]
[EventDate "2013.??.??"]

1. e4 e5 2. Nf3 Nc6 3. Bb5 a6 4. Ba4 Nf6 5. O-O Be7 6. Re1 b5 7. Bb3 O-O 8. a4
b4 9. d3 d6 10. Nbd2 Na5 11. Ba2 c5 12. c3 Rb8 13. Nc4 Nxc4 14. Bxc4 Be6 15.
Bxe6 fxe6 16. d4 bxc3 17. bxc3 exd4 18. cxd4 cxd4 19. Nxd4 Qd7 20. Qd3 d5 21.
Qxa6 Bb4 22. Rd1 Nxe4 23. Qxe6+ Qxe6 24. Nxe6 Rxf2 25. Be3 Re2 26. Bd4 Nc3 27.
Rd3 Rxe6 1/2-1/2

[Event "BL 1213 SG Solingen - OSG Baden Baden"]
[Site "?"]
[Date "2013.02.24"]
[Round "10.3"]
[White "Bacrot, Etienne"]
[Black "Sandipan, Chanda"]
[Result "1/2-1/2"]
[WhiteElo "2705"]
[BlackElo "2596"]
[PlyCount "83"]
[EventDate "2013.??.??"]

1. d4 d5 2. c4 c6 3. Nf3 Nf6 4. Nc3 e6 5. Bg5 h6 6. Bxf6 Qxf6 7. e3 Nd7 8. Bd3
dxc4 9. Bxc4 g6 10. O-O Bg7 11. e4 O-O 12. e5 Qe7 13. Re1 Rd8 14. Bd3 b5 15.
Qc2 Bb7 16. Be4 Rab8 17. Rac1 Qf8 18. Nb1 Rdc8 19. Nbd2 c5 20. Bxb7 Rxb7 21.
Ne4 Rbc7 22. Nd6 Rb8 23. Nd2 c4 24. a4 bxa4 25. Qxa4 f6 26. Qa5 Nb6 27. N2xc4
fxe5 28. dxe5 Nd5 29. Rcd1 Qe7 30. Rd4 Nb4 31. Qa4 Nc6 32. Rdd1 Rd8 33. f4 g5
34. f5 exf5 35. Nxf5 Qc5+ 36. Kh1 Rxd1 37. Rxd1 Nxe5 38. Qe8+ Kh7 39. Nxg7 Ng4
40. Qe4+ Kxg7 41. Qxg4 Qxc4 42. Qxc4 1/2-1/2

[Event "BL 1213 SG Solingen - OSG Baden Baden"]
[Site "?"]
[Date "2013.02.24"]
[Round "10.6"]
[White "Jussupow, Artur"]
[Black "Vallejo Pons, Francisco"]
[Result "1/2-1/2"]
[WhiteElo "2608"]
[BlackElo "2700"]
[PlyCount "61"]
[EventDate "2013.??.??"]

1. d4 e6 2. c4 Nf6 3. Nc3 Bb4 4. e3 b6 5. Nge2 c5 6. a3 Ba5 7. Bd2 O-O 8. d5
exd5 9. cxd5 d6 10. Ng3 Bb7 11. e4 Re8 12. Bb5 Nbd7 13. O-O Bxc3 14. Bxc3 Nxe4
15. Nf5 Nxc3 16. bxc3 Re5 17. Qg4 g6 18. Bxd7 h5 19. Qh3 gxf5 20. Bc6 Bxc6 21.
dxc6 f4 22. Rae1 Rc8 23. Rxe5 dxe5 24. Qxh5 Rxc6 25. Qxe5 Qf6 26. Qe4 Re6 27.
Qf3 Qe5 28. g3 Kg7 29. Rd1 Qe2 30. Kg2 Re4 31. Qxe2 1/2-1/2

[Event "BL 1213 SG Solingen - OSG Baden Baden"]
[Site "?"]
[Date "2013.02.24"]
[Round "10.7"]
[White "Kasimdzhanov, Rustam"]
[Black "Naumann, Alexander"]
[Result "1-0"]
[WhiteElo "2690"]
[BlackElo "2535"]
[PlyCount "95"]
[EventDate "2013.??.??"]

1. d4 Nf6 2. c4 g6 3. f3 e6 4. Nc3 d5 5. cxd5 Nxd5 6. e4 Nxc3 7. bxc3 c5 8.
Bb5+ Nd7 9. Ne2 cxd4 10. Qxd4 f6 11. e5 Kf7 12. exf6 Qxf6 13. Bf4 e5 14. Qc4+
Qe6 15. Bg3 Qxc4 16. Bxc4+ Kf6 17. f4 e4 18. Rd1 Nb6 19. Bb3 Bc5 20. Nd4 Re8
21. Bh4+ Kg7 22. Nb5 Bg4 23. Nc7 Bxd1 24. Kxd1 Be7 25. Bxe7 Rxe7 26. Nxa8 Nxa8
27. Ke2 h5 28. Rd1 Nc7 29. Ke3 Ne8 30. g3 Nf6 31. h3 Rc7 32. c4 b6 33. Rd6 Rc5
34. Re6 Rc7 35. Re5 Kf8 36. Rg5 Rg7 37. Bc2 Rc7 38. Rxg6 Kf7 39. Rg5 Kf8 40.
Rg6 Kf7 41. Rg5 Kf8 42. Kd4 Rd7+ 43. Kc3 Re7 44. Rf5 Kg7 45. Re5 Rxe5 46. fxe5
Nd7 47. Kd4 e3 48. Bd1 1-0

[Event "BL 1213 SG Solingen - OSG Baden Baden"]
[Site "?"]
[Date "2013.02.24"]
[Round "10.8"]
[White "Hoffmann, Michael"]
[Black "Dautov, Rustem"]
[Result "1/2-1/2"]
[WhiteElo "2474"]
[BlackElo "2595"]
[PlyCount "44"]
[EventDate "2013.??.??"]

1. d4 Nf6 2. c4 c6 3. Nc3 d5 4. Nf3 a6 5. g3 dxc4 6. a4 e6 7. Bg2 c5 8. O-O Nc6
9. Ne5 Na5 10. dxc5 Qxd1 11. Rxd1 Bxc5 12. Bf4 O-O 13. Rac1 Ra7 14. Ne4 Nxe4
15. Bxe4 b5 16. Nc6 Nxc6 17. Bxc6 h6 18. Bb8 Re7 19. Bd6 Bxd6 20. Rxd6 bxa4 21.
Rxc4 Rc7 22. Rxa4 Bb7 1/2-1/2